| 000 | 005880000a22002050004500 | ||
|---|---|---|---|
| 003 | LK-CoMWRAF | ||
| 005 | 20230913222539.0 | ||
| 008 | 230817t ||||| |||| 00| 0 eng d | ||
| 040 |
_aLK-CoMWRAF _dLK-CoMWRAF _eLK-CoMWRAF |
||
| 041 | _aeng | ||
| 082 |
_a297 _bNAD |
||
| 245 | _aIslam and Muslim non-Muslim Relations | ||
| 260 |
_aIslamabad : _bOrganization for Research and Education, _c2004 |
||
| 300 | _a78p | ||
| 490 | _aIssues in Muslim Society | ||
| 650 | _aMuslim society | ||
| 650 | _aMuslim and non Muslim relations | ||
| 700 |
_aNadeem,, Khurshid Ahmad _eed. |
||
| 942 | _cBK | ||
| 999 |
_c1344 _d1344 |
||